00607cam a22002291 4500001001300000003000400013005001700017008004100034010001700075035002000092040001800112042001200130050002000142100003800162245001800200260001100218300003400229500001400263504003000277600005300307999001700360sa 67003785 DLC20260227112341.0890921s1966 ii j b 000 0 hino  asa 67003785  a(OCoLC)20376700 aDLCcWaUdDLC apremarc00aPK2418.D25bZ761 aMachwe, Prabhakar Balvant,d1917-10aKeśavasuta. c[1966] a77 p.bgeneal. table.c22 cm. aIn Hindi. aBibliography: p. [73]-77.10aDāmale, Kr̥shṇājī Keśava,d1866-1905. c74067d74067